000 01162nac a22003497a 4500
001 BR8005369
003 BR-BrBNA
005 20240105114800.0
008 230509b bl.|||m| |||| 00| 0 por d
040 _aBR-BrBNA
_bpor
_cBiblioteca Nacional de Agricultura
072 _aL00; E70; Q10
090 _a9410 BR8005369
100 1 _aSchulte, E.M.B.
100 1 _aMotta, C.P.C.
110 1 _aFundacao Comissao Estadual de Planejamento Agricola do Espirito Santo, Vitoria (Brasil)
_94825
245 1 _aConjuntura leiteira, abril - junho/1980 [producao leiteira, Espirito Santo, Brasil]
260 3 _aVitoria, ES (Brasil):
_c1980.
300 _a27 p.
490 _aConjuntura Leiteira - Fundacao Comissao Estadual de Planejamento Agricola do Espirito Santo (Brazil)
_vv. 4(2)
_x
500 _a16 tables
650 _aLEITE
650 _aPRODUCAO LEITEIRA
650 _aOFERTA
650 _aINDUSTRIA ALIMENTICIA
650 _aPRECO MEDIO
650 _aEXPORTACAO
650 _aCUSTO DE PRODUCAO
650 _aCOOPERATIVA DE PRODUTORES
650 _aESPIRITO SANTO
909 _a202312
_bLúcia Elande
_c55
_dLúcia Elande
942 _2AGRIS
_n0
_cMS
999 _c271266
_d271266